Mezinárodní marketingový průzkum veřejné správy

Salvato in:
Dettagli Bibliografici
Autore principale: Foret, Miroslav
Altri autori: Hanuláková, Eva, 1964-
Natura: Capitolo di libro
Lingua:ceco
Tags: Aggiungi Tag
Nessun Tag, puoi essere il primo ad aggiungerne!!

MARC

LEADER 00000naa$a2200000$$$4500
001 0204455
005 20240502083514.1
041 0 |a cze 
044 |a CZ 
245 1 0 |a Mezinárodní marketingový průzkum veřejné správy  |c Miroslav Foret, Eva Hanuláková 
100 1 |a Foret, Miroslav 
700 1 |a Hanuláková, Eva, 1964-